Better teaching through better measurement / (Record no. 23952)

000 -LEADER
fixed length control field 00989nam a2200277 a 4500
001 - CONTROL NUMBER
control field 4912224
005 - DATE AND TIME OF LATEST TRANSACTION
control field 20170127122818.0
008 - FIXED-LENGTH DATA ELEMENTS--GENERAL INFORMATION
fixed length control field 940317s1993 txua b 001 0 eng d
010 ## - LIBRARY OF CONGRESS CONTROL NUMBER
LC control number 94132212
020 ## - INTERNATIONAL STANDARD BOOK NUMBER
International Standard Book Number 0155000993
035 ## - SYSTEM CONTROL NUMBER
System control number (OCoLC)27606612
050 00 - LIBRARY OF CONGRESS CALL NUMBER
Classification number LB3051 .H325 1993
100 1# - MAIN ENTRY--PERSONAL NAME
Personal name Hanna, Gerald S.
245 10 - TITLE STATEMENT
Title Better teaching through better measurement /
Statement of responsibility, etc. Gerald S. Hanna.
260 ## - PUBLICATION, DISTRIBUTION, ETC. (IMPRINT)
Place of publication, distribution, etc. Fort Worth :
Name of publisher, distributor, etc. Harcourt Brace Jovanovich College Publishers,
Date of publication, distribution, etc. c1993.
300 ## - PHYSICAL DESCRIPTION
Extent xiii, 559 p. :
Other physical details ill. ;
Dimensions 25 cm.
504 ## - BIBLIOGRAPHY, ETC. NOTE
Bibliography, etc Includes bibliographical references (p. [543]-549) and indexes.
650 #0 - SUBJECT ADDED ENTRY--TOPICAL TERM
Topical term or geographic name as entry element Educational tests and measurements.
942 ## - ADDED ENTRY ELEMENTS (KOHA)
Source of classification or shelving scheme
Koha item type Hard Covered Materials
Holdings
Withdrawn status Lost status Source of classification or shelving scheme Damaged status Not for loan Home library Current library Shelving location Date acquired Source of acquisition Total Checkouts Full call number Barcode Date last seen Price effective from Koha item type
          MACHAKOS UNIVERSITY LIBRARY MACHAKOS UNIVERSITY LIBRARY Technical section 27/01/2017 Donation(BFA)   LB3051 .H325 1993 31816 11/07/2018 27/01/2017 Hard Covered Materials
© Machakos University Library, Along The Highway, Machakos Wote Rd, Machakos, Kenya P.O. Box 136 - 90100 Machakos - Kenya

Tel: ( +254 ) 723 805829 OR Fax : 044-20353 OR Email: library@mksu.ac.ke